000 00336nam a22001577a 4500
003 SGT
020 _a9789356963788
082 _a617
_bM24D
100 _aDAS, S.
245 _aA MANUAL ON CLINICAL SURGERY
250 _a17TH
260 _aINDIA
_bJAYPEE PUB
_c2024
300 _a707
650 _aGENERAL SURGERY
942 _2ddc
_cBK
999 _c30603
_d30603